Die Prokureursorde van Transvaal Eeufees / (Record no. 25)

MARC details
000 -LEADER
fixed length control field 00512nam a22001577a 4500
005 - DATE AND TIME OF INPUT
control field 20231024104000.0
008 - DATA ELEMENTS--GENERAL INFORMATION
fixed length control field 231024b |||||||| |||| 00| 0 eng d
041 ## - LANGUAGE CODE
Language code of text Afrikaans / English
082 ## - SHELF NUMBER
DDC number 347 VAN
100 ## - MAIN AUTHOR
Main author's name van Niekerk, JP
Language of a work Afrikaans/English
245 ## - TITLE STATEMENT
Title Die Prokureursorde van Transvaal Eeufees /
Statement of responsibility, etc. JP van Niekerk
260 ## - PUBLICATION, DISTRIBUTION, ETC.
Place of publication, distribution, etc. Pretoria West :
Name of publisher, distributor, etc. Gutenberg Book Printers,
Date of publication, distribution, etc. 1992
300 ## - PHYSICAL DESCRIPTION
Other physical details viii, 95 pages ;
Dimensions 32 cm.
650 ## - SUBJECT`
Broad subject Legal Practice
Own subject terms Law
942 ## - ADDED ENTRY ELEMENTS (KOHA)
Item type Books
942 ## - ADDED ENTRY ELEMENTS (KOHA)
-- ALISON_BN_VRIES
Holdings
Source of classification or shelving scheme Not for loan Collection code Home library Current library Shelving location Date acquired Full call number Barcode Price effective from Koha item type
Dewey Decimal Classification   TEXT BOOKS LAW SOCIETY OF NAMIBIA LIBRARY - WINDHOEK LAW SOCIETY OF NAMIBIA LIBRARY - WINDHOEK Civil Procedure and Court 10/24/2023 347 VAN LSN/1992/15 10/24/2023 Books